00373pab a2200121 454500008004000000100001900040245009900059260000900158300001300167362001100180650002600191773003400217180718b2013 xxu||||| |||| 00| 0 eng d aSchubert, Andi aWhat's so great about data?: A call to re-examine the relationship between science and society c2013 ap.17-19. a28 Dec aSociology and science aEconomic and Political Weekly